00625nam a2200205Ia 450000500170000000800410001702000150005808200150007310000190008824500380010726000360014530000190018165000270020065000290022765000290025665000190028594200060030495200960031099900130040620240704013813.0240331s9999 xx 000 0 und d a0416371302 a155.2bBRE aBreakwell, G.M 0aCoping With Threatened Identities aLondonbMethuen & Co. Ltdc1986 aviii, 222 p ., aIdentity ( Psychology) aAdjustment ( Psychology) aInterpersonal relations aSocial Problem cL 001040708LaWERCLbWERCLcSSCd2024-03-31l0o 155.2 BREp631r2024-03-31w2024-03-31yL c753d753